000 00638nam a2200217Ia 4500
005 20250923145929.0
008 008 250917s9999 xx 000 0 eng d
037 _aTextual
040 _aDSWL
_beng
_cDSWL
041 _aeng
_2eng
084 _aY110gD65,45.2, N96
_qDSWL
100 _aUnnikrishnan, N.
_9840412
245 4 _aThe impact of television advartising on children
_c by N. Unnikrishnan
260 _aDelhi
_b Sage A.P.H.
_c1996
300 _a426p.
365 _aINR
_b450.00
700 _a S. Bajpai
_9840413
925 _g450.00
942 _cTEXL
_hY110gD65,45.2, N96
999 _c1457484
_d1457484